000 00628nam a2200229Ia 4500
005 20241129104249.0
008 241129s9999||||xx |||||||||||||| ||und||
020 _a9781138350618
037 _aTextual
040 _aRTL
_beng
_cRTL
041 _aeng
_2eng
084 _aU7 R4
_qRTL
100 _aKaplan David H.; Hannum Kathryn
_9725491
245 0 _aNationalism
_cKaplan David H.; Hannum Kathryn
260 _aLondon
_bRoutledge
_c2024
300 _axv,203p.
365 _aINR
_bRs.3706.14
490 _aKey Ideas in Geography
650 _aNationalism
942 _cTB
_hU7 R4
999 _c1225122
_d1225122